Entwicklerstudios von Vieospielen - Statistiken

Allgemein
  • Dieses Quiz wurde 12 mal gespielt
  • Das Durchschnittsergebnis liegt bei 4 aus 15
Antwortstatistiken
Hint Antwort % Korrekt
Assasinˋs creed Shadows Ubisoft
91%
GTA V Rockstar Games
64%
Clash of Clans Supercell
45%
No Man´s Sky Hello Games
36%
Satisfacory Coffe Stain Studios
18%
Doom: The Dark Ages id Software
18%
Palworld Pocketpair
18%
Deep Rock Galactic Ghost Ship Games
9%
Halo Masterchief Collection Halo Studios
9%
It Takes Two Hazelight Studios
9%
Ark Survival Evolved Instinct Games
9%
Ghostrunner One More Level Spólka Akcyjna
9%
Forza Horizon 5 Playground Games
9%
Lego Star Wars the complete Saga Traveller’s Tales
9%
Factorio Wube Software
0%
Keine übereinstimmenden Quizze gefunden
Verteilung der Resultate
Anzahl Personen mit jedem Resultat
Perzentil nach korrekt beantworteten Fragen
Ihre Resultats-Entwicklung
Sie haben dieses Quiz noch nicht gespielt